formula 1 races red flagged - Statistics

General Stats
  • This quiz has been taken 260 times
    206 since last reset
  • The average score is 63 of 79
Answer Stats
year lap stopped reason stopped Answer % Correct
1978 1 Accident Italian Grand Prix
97%
1990 2 Accident Italian Grand Prix
97%
1994 1 Accident Italian Grand Prix
97%
1995 1 Accident Italian Grand Prix
97%
1973 2 Accident British Grand Prix
92%
1975 56 Rain and accidents British Grand Prix
92%
1976 1 Start Accident British Grand Prix
92%
1999 1 Stalled Cars British Grand Prix
92%
2014 1 Accident British Grand Prix
92%
2021 2 Accident British Grand Prix
92%
2021 3 Torrential rain Belgian Gand Prix
91%
1981 2 / 54 Start Accident / Rain Belgian Grand Prix
91%
1987 2 Accident Belgian Grand Prix
91%
1990 1 Multiple Accidents / Accident Belgian Grand Prix
91%
1998 1 Massive accident Belgian Grand Prix
91%
2001 5 Accident Belgian Grand Prix
91%
2016 9 Accident Belgian Grand Prix
91%
2020 27 Accident Italian Grand Prix
89%
1994 15 Rain and an accident Japanese Grand Prix
89%
2014 2 / 46 Torrential rain / Fatal accident Japanese Grand Prix
89%
2020 9 / 46 multiple accidents Tuscan Grand Prix (Italy)
89%
2021 33 Accident Emilia Romagna (Italy)
86%
1974 32 Rain Brazilian Grand Prix
85%
1997 1 Stalled Car And Start Accidents Brazilian Grand Prix
85%
2003 56 Accident Brazilian Grand Prix
85%
2016 21 / 28 Accident Brazilian Grand Prix
85%
1950 138 Rain Indianapolis 500
85%
1975 29 Rain Austrian Grand Prix
83%
1978 7 Rain Austrian Grand Prix
83%
1984 1 Improper Start Procedure Austrian Grand Prix
83%
1985 1 Start Accident Austrian Grand Prix
83%
1987 1 Start Crash and Then restart Crash Austrian Grand Prix
83%
1982 6 Accident Detroit Grand Prix
83%
1984 1 Start Accident Detroit Grand Prix
83%
1984 31 Rain Monaco Grand Prix
83%
1990 1 Accident Monaco Grand Prix
83%
1995 1 Accident Monaco Grand Prix
83%
2000 1 Shown due to a technical fault followed by an accident Monaco Grand Prix
83%
2011 72 Accident Monaco Grand Prix
83%
2013 46 Accident Monaco Grand Prix
83%
1975 29 Accident Spanish Grand Prix
83%
1996 1 Accident Australian Grand Prix
82%
2016 18 Accident Australian Grand Prix
82%
1989 2 Accident Australian Grand Prix
81%
1991 14 Rain Australian Grand Prix
81%
2020 1 Accident Bahrain Grand Prix
81%
2021 2 Accident Hungarian Grand Prix
80%
1984 11 Accident British Grand Prix
77%
1996 1 Start Accident British Grand Prix
77%
1971 64 Rain Canadian Grand Prix
77%
1980 1 Accident Canadian Grand Prix
77%
1982 1 Multiple Accidents Canadian Grand Prix
77%
1997 56 Accident Canadian Grand Prix
77%
1998 1 Accident Canadian Grand Prix
77%
2011 25 Rain Canadian Grand Prix
77%
1981 58 Rain French Grand Prix
77%
1989 1 Accident French Grand Prix
77%
1992 18 Rain French Grand Prix
77%
1998 1 Stalled Car French Grand Prix
77%
1976 2 Accident German Grand Prix
76%
2001 2 Accident German Grand prix
76%
1987 30 Accident Mexican Grand Prix
73%
1989 2 Accident Mexican Grand Prix
73%
2021 13 / 15 Multiple accidents Saudi Arabian Grand Prix
68%
1987 2 Accident Portuguese Grand Prix
67%
1988 1 Two starts Aborted Portuguese Grand Prix
67%
1990 61 Accident Portuguese Grand Prix
67%
1995 1 Accident Portuguese Grand Prix
67%
2017 22 Debris on track Azerbaijan Grand Prix
66%
2021 48 Accident Azerbaijan Grand Prix
66%
2009 33 Torrential rain Malaysian Grand Prix
66%
2012 9 Rain Malaysian Grand Prix
66%
1989 4 Accident San Marino Grand Prix
65%
1994 7 Fatal Accident San Marino Grand Prix
65%
1995 1 Multiple Accidents Argentina Grand Prix
64%
1979 1 Accident Argentine Grand Prix
64%
1979 2 Rain South African Grand Prix
59%
2010 3 rain Korean Grand Prix
50%
2007 5 Torrential rain and accidents European Grand Prix
43%
No matching quizzes found
Score Distribution
Percent of People with Each Score
Percentile by Number Answered
Your Score History
You have not taken this quiz since the last reset